¿ Una nueva era de hegemonía norteamericana ?
保存先:
| 第一著者: | |
|---|---|
| 団体著者: | |
| フォーマット: | テキスト |
| 出版事項: |
Buenos Aires:
Grupo Editor Latinoamericano
|
| タグ: |
タグ追加
タグなし, このレコードへの初めてのタグを付けませんか!
|
MARC
| LEADER | 00000 a a2200000 04500 | ||
|---|---|---|---|
| 001 | 24722 | ||
| 003 | |||
| 040 | |||
| 090 | |a 177800 | ||
| 100 | |a Maira, Luis | ||
| 110 | |a RIAL | ||
| 245 | |a ¿ Una nueva era de hegemonía norteamericana ? | ||
| 260 | |a Buenos Aires: |b Grupo Editor Latinoamericano | ||
| 300 | |a 361 p | ||
| 999 | |c 8641 |d 8641 | ||
